La universidad Colombiana : una crisis institucional.

Uloženo v:
Podrobná bibliografie
Hlavní autor: Díaz Borbon, Rafael (autor)
Médium: Kniha
Jazyk:španělština
Témata:
Tagy: Přidat tag
Žádné tagy, Buďte první, kdo vytvoří štítek k tomuto záznamu!

MARC

LEADER 00000cam^a2200000uu^4500
001 000479354
005 20250521000000.0
008 050901s1972^^^^^^^^^^^^rd^r^^000^0^spa^d
009 20260310124936.07
035 |a FCE 000022356 
035 |a FCE 001735 
037 |a Acervo ITESO - Biblioteca 
041 |a spa 
082 0 4 |a 378.9861  |b D378u 
100 |a Díaz Borbon, Rafael  |e (autor) 
245 1 3 |a La universidad Colombiana :  |b una crisis institucional. 
264 |a Bogotá :  |b Soc. Universitaria,  |c 1972. 
300 |a 88 p. 
336 |a texto  |b txt  |2 rdacontenido 
337 |a sin mediación  |b n  |2 rdamedio 
338 |a volumen  |b nc  |2 rdasoporte 
649 |a XX 
650 |a Educación superior 
650 |a Crisis 
650 |a Colombia 
910 |a Fondo Centro de Estudios Educativos 
920 |a Impresos - Libros 
930 |a Fondos Especiales 
905 |a 133 
901 |a ALE001735  |b IT2  |c CEE  |u 20250521 
902 |a https://opac.biblio.iteso.mx/vufind/Record/000479354